Основы аналитической химии и химического анализа (для геологов): учебное пособие

Bibliographic Details
Main Author: Чернышова Н. Н. Нина Николаевна
Corporate Author: Национальный исследовательский Томский политехнический университет (ТПУ) Институт природных ресурсов (ИПР) Кафедра физической и аналитической химии (ФАХ)
Other Authors: Воронова О. А. Олеся Александровна
Summary:Заглавие с титульного экрана
Электронная версия печатной публикации
В пособии в четырех разделах изложены базовые положения и представления в аналитической химии и химическом анализе, основанные на метрологическом подходе. Все темы пособия рассмотрены на примерах химического анализа природного вещества геологических объектов. Рекомендуется как источник первоначальных, базовых знаний в области аналитической химии и химического анализа для студентов, обучающихся по этим направлениям, а также может быть полезно студентам других специальностей, магистрантам и аспирантам, слушателям курсов повышения квалификации, профессиональная деятельность которых связана с использованием результатов химического анализа вещества
Режим доступа: из корпоративной сети ТПУ
Language:Russian
Published: Томск, Изд-во ТПУ, 2012
Subjects:
Online Access:http://www.lib.tpu.ru/fulltext2/m/2013/m052.pdf
Format: Electronic Book
KOHA link:https://koha.lib.tpu.ru/cgi-bin/koha/opac-detail.pl?biblionumber=235065

MARC

LEADER 00000nlm0a2200000 4500
001 235065
005 20240118100854.0
035 |a (RuTPU)RU\TPU\book\256194 
090 |a 235065 
100 |a 20130404d2012 m y0rusy50 ca 
101 0 |a rus 
102 |a RU 
105 |a a j 001zy 
135 |a drcn ---uucaa 
181 0 |a i  
182 0 |a b 
200 1 |a Основы аналитической химии и химического анализа (для геологов)  |e учебное пособие  |f Н. Н. Чернышова, О. А. Воронова  |g Национальный исследовательский Томский политехнический университет (ТПУ), Институт природных ресурсов (ИПР), Кафедра физической и аналитической химии (ФАХ) 
203 |a Текст  |c электронный 
210 |a Томск  |c Изд-во ТПУ  |d 2012 
300 |a Заглавие с титульного экрана 
300 |a Электронная версия печатной публикации 
330 |a В пособии в четырех разделах изложены базовые положения и представления в аналитической химии и химическом анализе, основанные на метрологическом подходе. Все темы пособия рассмотрены на примерах химического анализа природного вещества геологических объектов. Рекомендуется как источник первоначальных, базовых знаний в области аналитической химии и химического анализа для студентов, обучающихся по этим направлениям, а также может быть полезно студентам других специальностей, магистрантам и аспирантам, слушателям курсов повышения квалификации, профессиональная деятельность которых связана с использованием результатов химического анализа вещества 
333 |a Режим доступа: из корпоративной сети ТПУ 
337 |a Adobe Reader 
606 1 |a Аналитическая химия  |2 stltpush  |3 (RuTPU)RU\TPU\subj\67454  |9 83247 
606 1 |a Химический анализ  |2 stltpush  |3 (RuTPU)RU\TPU\subj\70293  |9 84646 
610 1 |a электронный ресурс 
610 1 |a труды учёных ТПУ 
610 1 |a химические методы 
610 1 |a качественный анализ 
610 1 |a количественный анализ 
610 1 |a физические методы 
610 1 |a элементный анализ 
610 1 |a изотопный анализ 
610 1 |a функциональный анализ 
610 1 |a молекулярный анализ 
610 1 |a лабораторные работы 
610 1 |a самостоятельная работа 
610 1 |a учебные пособия 
675 |a 543(075.8)  |v 3 
700 1 |a Чернышова  |b Н. Н.  |c российский химик  |c доцент Томского политехнического университета, кандидат химических наук  |f 1948-  |g Нина Николаевна  |3 (RuTPU)RU\TPU\pers\27387 
701 1 |a Воронова  |b О. А.  |c химик  |c ассистент Томского политехнического университета, кандидат химических наук  |f 1979-  |g Олеся Александровна  |3 (RuTPU)RU\TPU\pers\29232  |9 13834 
712 0 2 |a Национальный исследовательский Томский политехнический университет (ТПУ)  |b Институт природных ресурсов (ИПР)  |b Кафедра физической и аналитической химии (ФАХ)  |3 (RuTPU)RU\TPU\col\18656 
801 2 |a RU  |b 63413507  |c 20130417  |g RCR 
856 4 |u http://www.lib.tpu.ru/fulltext2/m/2013/m052.pdf 
942 |c CF